000 00755cam a22002654a 4500
003 UPN
005 20220809085138.0
008 090216s2006 es a r 000 f spa d
020 _a8467508833
035 _aUPN01000169300
040 _aUPN
_bspa
_cUPN
049 _aCG
050 4 _aPQ6657 A5.5
_bF4.6 2006
100 1 _aGallego García, Laura,
_d1977-
_931781
245 1 0 _aFenris, el elfo /
250 _a2a ed.
260 _aMadrid :
_bSM,
_c2006.
300 _a318 páginas, [6] láminas recortables :
_bilustraciones
490 0 _aCrónicas de la torre ;
_v4
650 0 _aLiteratura juvenil española
_912359
650 0 _aHistorias de aventuras
_94131
650 4 _aLiteratura fantástica
_98755
905 _aLibro
942 _2lcc
_cLIBRO
999 _c141406
_d141406